Olomouc: Klášterní Hradisko ; bývalá premonstrátská kanonie
| Main Author: | |
|---|---|
| Format: | Print Book |
| Language: | Czech |
| Subito Delivery Service: | Order now. |
| Check availability: | HBZ Gateway |
| WorldCat: | WorldCat |
| Interlibrary Loan: | Interlibrary Loan for the Fachinformationsdienste (Specialized Information Services in Germany) |
| Published: |
Uherské Hradiště
Historická Společnost Starý Velehrad
2011
|
| In: |
Církevní památky (51)
Year: 2011 |
| Series/Journal: | Církevní památky
51 |
| Standardized Subjects / Keyword chains: | B
Klášterní Hradisko
/ History
B Klosteranlage des Klosters Hradisch (Olomouc) / History B Monastery / Olomouc / Czech Republic / Architecture / Archaeology |
| Further subjects: | B
Early modern age
|
MARC
| LEADER | 00000cam a2200000 c 4500 | ||
|---|---|---|---|
| 001 | 1543096816 | ||
| 003 | DE-627 | ||
| 005 | 20251225190102.0 | ||
| 007 | tu | ||
| 008 | 160704s2011 xx ||||| 00| ||cze c | ||
| 020 | |a 9788086157344 |9 978-80-86157-34-4 | ||
| 035 | |a (DE-627)1543096816 | ||
| 035 | |a (DE-576)473096811 | ||
| 035 | |a (DE-599)BSZ473096811 | ||
| 035 | |a (OCoLC)796216956 | ||
| 035 | |a (OCoLC)796216956 | ||
| 035 | |a (DE-604)BV040122495 | ||
| 040 | |a DE-627 |b ger |c DE-627 |e rakwb | ||
| 041 | |a cze | ||
| 082 | 0 | |a 200.9 |q DE-604 |2 22/ger | |
| 082 | 0 | |a 307.09 |q DE-604 |2 22/ger | |
| 084 | |a 1 |2 ssgn | ||
| 245 | 0 | 0 | |a Olomouc |b Klášterní Hradisko ; bývalá premonstrátská kanonie |c Leoš Mlčák |
| 264 | 1 | |a Uherské Hradiště |b Historická Společnost Starý Velehrad |c 2011 | |
| 300 | |a 57 S. |b Ill., Kt. | ||
| 336 | |a Text |b txt |2 rdacontent | ||
| 337 | |a ohne Hilfsmittel zu benutzen |b n |2 rdamedia | ||
| 338 | |a Band |b nc |2 rdacarrier | ||
| 490 | 1 | |a Církevní památky |v 51 | |
| 650 | 4 | |a Frühe Neuzeit | |
| 689 | 0 | 0 | |d b |0 (DE-588)4417672-7 |0 (DE-627)213351730 |0 (DE-576)212038370 |2 gnd |a Klášterní Hradisko |
| 689 | 0 | 1 | |q z |2 gnd |a Geschichte |
| 689 | 0 | |5 DE-101 | |
| 689 | 1 | 0 | |d g |0 (DE-588)1043082832 |0 (DE-627)770109632 |0 (DE-576)39444938X |2 gnd |a Klosteranlage des Klosters Hradisch |g Olmütz |
| 689 | 1 | 1 | |q z |2 gnd |a Geschichte |
| 689 | 1 | |5 DE-101 | |
| 689 | 2 | 0 | |d s |0 (DE-588)4031225-2 |0 (DE-627)104529539 |0 (DE-576)208991239 |2 gnd |a Kloster |
| 689 | 2 | 1 | |d g |0 (DE-588)1195726953 |0 (DE-627)1677778385 |2 gnd |a Olomouc |
| 689 | 2 | 2 | |d g |0 (DE-588)4303381-7 |0 (DE-627)121620166 |0 (DE-576)211057924 |2 gnd |a Tschechien |
| 689 | 2 | 3 | |d s |0 (DE-588)4002851-3 |0 (DE-627)104280352 |0 (DE-576)208848975 |2 gnd |a Architektur |
| 689 | 2 | 4 | |d s |0 (DE-588)4002827-6 |0 (DE-627)104459425 |0 (DE-576)208848878 |2 gnd |a Archäologie |
| 689 | 2 | |5 (DE-627) | |
| 700 | 1 | |a Mlčák, Leoš |e Bearb. |4 adp | |
| 830 | 0 | |a Církevní památky |v 51 |9 51 |w (DE-627)1353162052 |w (DE-576)283162058 |7 am | |
| 935 | |a mteo | ||
| 951 | |a BO | ||
| ELC | |b 1 | ||
| LOK | |0 000 xxxxxcx a22 zn 4500 | ||
| LOK | |0 001 372293933X | ||
| LOK | |0 003 DE-627 | ||
| LOK | |0 004 1543096816 | ||
| LOK | |0 005 20200710090003 | ||
| LOK | |0 008 200710||||||||||||||||ger||||||| | ||
| LOK | |0 035 |a (DE-Tue135)BVBBV040122495 | ||
| LOK | |0 040 |a DE-Tue135 |c DE-627 |d DE-Tue135 | ||
| LOK | |0 092 |o n | ||
| LOK | |0 852 |a DE-Tue135 | ||
| LOK | |0 852 1 |9 00 | ||
| LOK | |0 935 |a bsbo | ||
| LOK | |0 939 |a 10-07-20 |b l01 | ||
| ORI | |a SA-MARC-ixtheoa001.raw | ||
| REF | |a Architekturgeschichte | ||
| REL | |a 1 | ||
| STA | 0 | 0 | |a Archaeology,Archaeology,Archeology,Architecture,Architecture,Czech Republic,Ceská Republika,Early modern age,History,History,History in art,Monastery,Monastery,Abbey,Convent,Priory,Cloister,Convents,Monasteries,Priories |
| STB | 0 | 0 | |a Architecture,Architecture,Archéologie,Archéologie,Début de l'ère moderne,Histoire,Histoire,Histoire,Monastère,Monastère,Abbaye,Couvent,Abbaye,Couvent,Couvents,Monastères,Prieurés,Abbaye (motif),Couvent,Abbaye,Couvent |
| STC | 0 | 0 | |a Arqueología,Arqueología,Arquitectura,Arquitectura,Edad Moderna,Historia,Historia,Historia,Monasterio,Monasterio,Convento,Convento,Abadías,Convento (Motivo),Convento |
| STD | 0 | 0 | |a Archeologia,Archeologia,Architettura,Architettura,Monastero <motivo>,Monastero,Convento,Convento,Conventi,Abbazie,Convento (motivo),Convento,Storia moderna,Storia,Storia |
| STE | 0 | 0 | |a 修道院,寺院,历史,史,建筑,考古学,考古学,近代早期,现代初期 |
| STF | 0 | 0 | |a 修道院,寺院,建築,歷史,史,考古學,考古學,近代早期,現代初期 |
| STG | 0 | 0 | |a Arqueologia,Arqueologia,Arquitetura,Arquitetura,História,História,Idade Moderna,Mosteiro,Mosteiro,Convento,Convento,Convento (Motivo),Convento |
| STH | 0 | 0 | |a Археология (мотив),Археология,Архитектура (мотив),Архитектура,История (мотив),История,Монастырь (мотив),Монастырь,Раннее Новое время |
| STI | 0 | 0 | |a Αρχαιολογία (μοτίβο),Αρχαιολογία,Αρχιτεκτονική (μοτίβο),Αρχιτεκτονική,Ιστορία (μοτίβο),Ιστορία,Μοναστήρι <μοτίβο>,Μοναστήρι,Μονή,Μονή (μοτίβο),Πρώιμη νεότερη περίοδος |
| SUB | |a REL | ||
| SYG | 0 | 0 | |a Kloster Hradisko,Kloster Hradisch,Prämonstratenserabtei Hradisch,Prämonstratenserabtei Olmütz , History,Geschichtliche Epoche,Historical development,Historische Entwicklung,Landesgeschichte,Regionalgeschichte,Ortsgeschichte,Zeitgeschichte , Klosteranlage Klášterní Hradisko,Klosteranlage Klášter Hradisko,Klosteranlage Stift Olmütz , History,Geschichtliche Epoche,Historical development,Historische Entwicklung,Landesgeschichte,Regionalgeschichte,Ortsgeschichte,Zeitgeschichte , Kloster,Kloster Wormeln,Franziskanerkloster,Franziskanerkonvent,Minoritenkonvent,Minoritenkloster,Kloster,Kloster Heiligenbronn,Franziskanerinnenkloster,Kloster Schramberg-Heiligenbronn,Kloster Himmelthal,Kloster Rinteln,Benediktinerinnenabtei Drübeck,Kloster Drübeck,Kloster,Benediktinerkloster Brunshausen,Benediktinerinnenkloster Brunshausen,Kloster Brunshausen,Kloster Barsinghausen,Zisterzienserabtei Arnsburg,Benediktinerkloster Altenburg,Zisterzienserkloster Arnsburg,Prämonstratenserkloster,Kloster,Konvent,Konvent,Benediktinerabtei,Kloster Bergen,Zisterzienserkloster Amelungsborn,Kloster Amelungsborn , Abtei,Konvent,Priorat,Klöster,Convent , Olomouc,Olmütz,Olmütz , Tschechische Republik,Tschechenland,Tschechei,Česká Republika,Czech Republic,ČR , Baukunst , Archaeology,Altertumskunde |
| TIM | |a 100010780101_100017841231 |b 1078 - 1784 | ||



